TACONAFIDE - 0,25 mg - Statystyki

Ogólne statystyki
  • Ten quiz został rozwiązany 39 razy
  • Średni wynik to 8 z 11
Statystyki odpowiedzi
Numer Tytuł Gość % Poprawnych
5 8 kobiet - Remix Bedoes
100%
9 Tamagotchi - Remix Dawid Podsiadło
91%
6 Visa - Remix KęKę
82%
10 Moje demony uciekły na urlop Białas
76%
3 Benevento
71%
7 Ekodiesel - Remix Paluch
71%
4 C3PO
62%
1 Leonardo
62%
11 Outro
59%
2 TLC
59%
8 Wiem - Remix Kaz Bałagane
59%
Nie znaleziono quizów pasujących do podanych kryteriów
Rozkład punktacji
Procent ludzi z każdym wynikiem
Percentyl według liczby udzielonych odpowiedzi
Twoja historia wyników
Nie rozwiązałeś tego quizu